000 00459nam a2200181Ia 4500
008 090124s9999 xx 000 0 und d
082 _b120557
100 _aमंगेशकर गीता
245 _a दौलत
250 _a1
260 _c1984
300 _a180+15
600 _aमंगेशकर गीता
630 _a दौलत
700 _aमंगेशकर गीता
730 _a दौलत
942 _cBOOK
999 _c166643
_d166643